000 00478nam a22002177a 4500
003 UA-OsUOA
001 49928
007 ta
008 20071015b un ||||| |||| 00| 0 ukr d
090 _a324
_bШ70
942 _cBK
040 _aUA-OsUOA
_bukr
_cUA-OsUOA
_dUA-OsUOA
245 _aШлях до перемоги
300 _a222 с.
955 _a1
041 _aukr
080 _a324
260 _aК.
_c1993
650 7 _a32 Політика
_2UDC
999 _c336027
_d336027